书目信息 |
| 题名: |
文学研究法 史学研究法
|
|
| 作者: | 姚永朴 著 | |
| 分册: | ||
| 出版信息: | 长春 吉林出版集团有限责任公司 2016 |
|
| 页数: | 187页 | |
| 开本: | 24cm | |
| 丛书名: | 中国学术名著丛书 | |
| 单 册: | ||
| 中图分类: | I206.2 , K061 | |
| 科图分类: | ||
| 主题词: | 中国文学--zhong guo wen xue--古典文学研究 , 史学--shi xue--研究方法 | |
| 电子资源: | ||
| ISBN: | 978-7-5581-0852-5 | |
| 000 | 01029nam0 22002771 450 | |
| 001 | 1730298696 | |
| 005 | 20170525101508.0 | |
| 010 | @a978-7-5581-0852-5@dCNY25.80 | |
| 100 | @a20161117d2016 em y0chiy50 ea | |
| 101 | 0 | @achi |
| 102 | @aCN@b220000 | |
| 105 | @ay z 000yy | |
| 106 | @ar | |
| 200 | 1 | @a文学研究法 史学研究法@Awen xue yan jiu fa shi xue yan jiu fa@f姚永朴[著] |
| 210 | @a长春@c吉林出版集团有限责任公司@d2016 | |
| 215 | @a187页@d24cm | |
| 225 | 2 | @a中国学术名著丛书@Azhong guo xue shu ming zhu cong shu |
| 330 | @a本书分为《文学研究法》《史学研究法》两部分。前者在内容上强调文学和语言学的结合,强调文学风格存在于作品和创作主体之中;后者系统阐述了其治史的理论与方法,以经学家眼光论史学研究。 | |
| 461 | @12001 @a中国学术名著丛书 | |
| 606 | 0 | @a中国文学@Azhong guo wen xue@x古典文学研究 |
| 606 | 0 | @a史学@Ashi xue@x研究方法 |
| 690 | @aI206.2@v5 | |
| 690 | @aK061@v5 | |
| 701 | 0 | @a姚永朴@Ayao yong pu@f(1862~1939)@4著 |
| 801 | 0 | @aCN@bTANG WEI@c20170523 |
| 905 | @b0968928-32@dI206.2@e330@f5 | |
| 文学研究法 史学研究法/姚永朴[著] .-长春:吉林出版集团有限责任公司,2016 |
| 187页;24cm.-(中国学术名著丛书) |
| ISBN 978-7-5581-0852-5:CNY25.80 |
| 本书分为《文学研究法》《史学研究法》两部分。前者在内容上强调文学和语言学的结合,强调文学风格存在于作品和创作主体之中;后者系统阐述了其治史的理论与方法,以经学家眼光论史学研究。 |
| ● |
| 相关链接 |
|
|
|
|
正题名:文学研究法 史学研究法
索取号:I206.2/330
 
预约/预借
| 序号 | 登录号 | 条形码 | 馆藏地/架位号 | 状态 | 备注 |
| 1 | 0968928 | 209689283 | 第一样本阅览室/ [索取号:I206.2/330] | 在馆 | |
| 2 | 0968929 | 209689292 | 第二借阅区/ [索取号:I206.2/330] | 在馆 | |
| 3 | 0968930 | 209689309 | 第二借阅区/ [索取号:I206.2/330] | 在馆 | |
| 4 | 0968931 | 209689318 | 第二借阅区/ [索取号:I206.2/330] | 在馆 | |
| 5 | 0968932 | 209689327 | 第二借阅区/ [索取号:I206.2/330] | 在馆 |